Biggest Cities Beginning With 'J' - Statistics

General Stats
  • This quiz has been taken 51 times
  • The average score is 15 of 113
Answer Stats
Population Country City % Correct
8,540,121 Indonesia Jakarta
100%
7,860,781 South Africa Johannesburg
96%
2,867,446 Saudi Arabia Jeddah
87%
801,000 Israel Jerusalem
87%
2,711,758 India Jaipur
80%
173,514 United States Jackson
78%
821,784 United States Jacksonville
78%
230,195 South Sudan Juba
69%
3,641,562 China Jinan
47%
200,331 Afghanistan Jalālābād
42%
492,466 South Korea Jeju
40%
921,476 India Jodhpur
36%
207,532 Brazil Jerez de la Frontera
29%
1,469,722 China Jilin
29%
817,511 Brazil João Pessoa
29%
104,712 Germany Jena
27%
328,318 China Jí'ān
27%
116,557 Spain Jaén
22%
939,034 China Jìníng
22%
802,489 Malaysia Johor Bahru
22%
510,300 Nigeria Jos
22%
1,030,168 India Jabalpur
16%
247,597 United States Jersey City
16%
1,013,670 China Jiāngyīn
16%
169,102 Sri Lanka Jaffna
13%
465,567 India Jammu
13%
616,338 India Jamshedpur
13%
1,480,023 China Jiāngmén
13%
785,178 India Jalandhar
11%
631,357 China Jiāmùsī
11%
904,157 China Jīngzhōu
11%
946,098 China Jĭnzhōu
11%
597,658 Brazil Joinville
11%
147,433 United States Joliet
11%
134,895 Indonesia Jayapura
9%
404,216 China Jiāozhōu
9%
762,643 China Jiāxīng
9%
710,597 China Jīnhuá
9%
704,356 China Jiŭjiāng
9%
573,285 Brazil Juiz de Fora
9%
151,881 Brazil Jaú
7%
169,572 India Jaunpur
7%
412,927 India Jhānsi
7%
1,226,848 China Jiēyáng
7%
426,119 China Jīngmén
7%
746,889 China Jīxī
7%
822,000 China Jiāozuò
4%
168,568 (Palestine) Jabālyā
4%
706,867 Brazil Jaboatão dos Guararapes
4%
235,416 Brazil Jacareí
4%
170,588 Pakistan Jacobabad
4%
429,298 India Jalgaon
4%
262,034 India Jālna
4%
130,000 Somalia Jamaame
4%
167,900 Bangladesh Jamālpur
4%
420,323 Indonesia Jambi City
4%
492,056 India Jamnagar
4%
126,356 Brazil Jandira
4%
181,173 Brazil Jaraguá do Sul
4%
119,785 Pakistan Jaranwala
4%
108,508 South Korea Jeongeup
4%
657,432 South Korea Jeonju
4%
156,126 Brazil Jequié
4%
341,210 Pakistsn Jhang Sadr
4%
145,000 Pakistan Jhelum
4%
216,362 China Jiāyùguān
4%
131,513 Algeria Jijel
4%
177,900 Ethiopia Jima
4%
500,845 China Jìnchéng
4%
161,260 India Jīnd
4%
205,523 China Jĭnghóng
4%
130,009 Brazil Ji-Paraná
4%
162,427 Mexico Jiutepec
4%
105,198 Saudi Arabia Jizan
4%
152,642 Uzbekistan Jizzax
4%
204,137 Japan Jōetsu
4%
218,162 Brazil Juazeiro
4%
308,400 Peru Juliaca
4%
184,447 India Jūnāgadh
4%
423,006 Brazil Jundiaí
4%
101,300 India Jagādhri
2%
107,828 China Jalai Nur
2%
107,832 India Jalpāiguri
2%
105,548 Brazil Japeri
2%
102,065 Brazil Jataí
2%
298,585 Indonesia Jember
2%
243,987 Bangladesh Jessore
2%
118,068 India Jetpur
2%
113,193 India Jhunjhunūn
2%
459,000 China Jiāngyóu
2%
130,298 China Jiazi
2%
214,776 China Jièshŏu
2%
159,300 Ethiopia Jijiga
2%
141,724 Nigeria Jimeta
2%
195,409 China Jīnchāng
2%
430,084 China Jĭngdézhèn
2%
224,871 China Jingling
2%
1,414,400 China Jìnjiāng
2%
141,743 Nicaragua Jinotega
2%
123,843 China Jiupu
2%
255,739 China Jiǔquán
2%
175,115 China Jiutai
2%
101,002 Philippines Jolo
2%
126,465 Indonesia Jombang
2%
158,664 India Jaigaon
0%
160,242 India Jāmuria
0%
135,760 China Jiagedaqi
0%
235,300 China Jiànōu
0%
137,444 China Jieshi
0%
283,339 China Jièxiū
0%
177,200 China Jīnshì
0%
140,622 Egypt Jirjā
0%
276,264 Brazil Juazeiro do Norte
0%
No matching quizzes found
Score Distribution
Percent of People with Each Score
Percentile by Number Answered
Your Score History
You have not taken this quiz